Be-saʻarat ha-ḥayim : (Record no. 32918)
[ view plain ]
| 000 -LEADER | |
|---|---|
| fixed length control field | 00877cam a22002531 4500 |
| 001 - CONTROL NUMBER | |
| control field | he 68000440 |
| 003 - CONTROL NUMBER IDENTIFIER | |
| control field | DLC |
| 005 - DATE AND TIME OF LATEST TRANSACTION | |
| control field | 20260227111453.0 |
| 008 - FIXED-LENGTH DATA ELEMENTS--GENERAL INFORMATION | |
| fixed length control field | 850306s1967 is c b 000 0bheb |
| 010 ## - LIBRARY OF CONGRESS CONTROL NUMBER | |
| LC control number | he 68000440 |
| 035 ## - SYSTEM CONTROL NUMBER | |
| System control number | (OCoLC)19186582 |
| 040 ## - CATALOGING SOURCE | |
| Original cataloging agency | DLC |
| Transcribing agency | MH |
| Modifying agency | CU |
| -- | DLC |
| 042 ## - AUTHENTICATION CODE | |
| Authentication code | premarc |
| 050 00 - LIBRARY OF CONGRESS CALL NUMBER | |
| Classification number | DS135.R95 |
| Item number | S8 |
| 100 1# - MAIN ENTRY--PERSONAL NAME | |
| Personal name | Enav, Moshe. |
| 245 10 - TITLE STATEMENT | |
| Title | Be-saʻarat ha-ḥayim : |
| Remainder of title | Doḳṭor Yitsḥaḳ Naḥman Shṭainberg, li-demuto ule-derekh ḥayaṿ / |
| Statement of responsibility, etc. | Mosheh ʻEnav (Ṿainṭroib) |
| 260 ## - PUBLICATION, DISTRIBUTION, ETC. | |
| Place of publication, distribution, etc. | [Tel Aviv] : |
| Name of publisher, distributor, etc. | Maḥbarot le-sifrut, |
| Date of publication, distribution, etc. | [1967] |
| 300 ## - PHYSICAL DESCRIPTION | |
| Extent | 98 p. : |
| Other physical details | ports. ; |
| Dimensions | 21 cm. |
| 500 ## - GENERAL NOTE | |
| General note | Added t.p.: Stormy life; Dr. Isaac Nachman Steinberg, the man and his way of life. |
| 504 ## - BIBLIOGRAPHY, ETC. NOTE | |
| Bibliography, etc. note | Includes bibliographical references. |
| 600 10 - SUBJECT ADDED ENTRY--PERSONAL NAME | |
| Personal name | Steinberg, Isaac Nachman, |
| Dates associated with a name | 1888-1957. |
| 740 0# - ADDED ENTRY--UNCONTROLLED RELATED/ANALYTICAL TITLE | |
| Uncontrolled related/analytical title | Stormy life. |
| 752 ## - ADDED ENTRY--HIERARCHICAL PLACE NAME | |
| Country or larger entity | Israel |
| City | Tel Aviv |
No items available.